00369cam a22001217a 4500008004000000020001800040082001300058100003300071245008800104260003000192300001000222650001500232180718b2011 xxu||||| |||| 00| 0 eng d a9789380658322 aI51 B469 aBhogle Anita & Bhogle Harsha aThe Winning Way: Learnings From Sport For ManagerscBy Anita Bhogle & Harsha Bhogle aNew DelhibWestlandc2011 a196p. aLeadership